All 1M Cities Starting with “J” to Country - Statistics

General Stats
  • This quiz has been taken 230 times
  • The average score is 16 of 17
Answer Stats
City Country % Correct
Jakarta Indonesia
99%
Jacksonville United States
99%
Jiangyin China
98%
Jingzhou China
98%
Jinzhou China
98%
Jaipur India
98%
Jilin China
97%
Jinan China
97%
Jining China
97%
Jabalpur India
97%
Jalandhar India
97%
Jamshedpur India
97%
Johannesburg South Africa
97%
Jiaozuo China
96%
Jodhpur India
95%
Jeddah Saudi Arabia
95%
João Pessoa Brazil
90%
No matching quizzes found
Score Distribution
Percent of People with Each Score
Percentile by Number Answered
Your Score History
You have not taken this quiz